| 000 | 00744nam a2200289Ia 4500 | ||
|---|---|---|---|
| 005 | 20260324133020.0 | ||
| 008 | 008 260324s9999 xx 000 0 eng d | ||
| 020 | _a9780203323137 | ||
| 037 | _aEBOOK | ||
| 040 | _aCRL | ||
| 040 | _beng | ||
| 040 | _cCRL | ||
| 041 | _2eng | ||
| 041 | _aeng | ||
| 084 | _qCRL | ||
| 100 |
_aDianne G. Bystrom; Lynda Lee Kaid; Mary Christine Banwart; Terry Robertson _91191485 |
||
| 245 | 0 | _aGender and Candidate Communication | |
| 245 | 0 | _bVideoStyle, WebStyle, NewStyle | |
| 260 | _bTaylor and Francis | ||
| 260 | _c2004 | ||
| 365 | _a | ||
| 365 | _b290 | ||
| 856 | _uhttp://www.taylorfrancis.com/books/9780203323137 | ||
| 942 | _cEBOOK | ||
| 999 |
_c1790126 _d1790126 |
||